Svetový obchod s banánmi diplomová práca

Guardado en:
Detalles Bibliográficos
Autor principal: Beker, Roman
Autor Corporativo: Obchodná fakulta EU. Katedra medzinárodného obchodu
Otros Autores: Fízeľová, Elena
Formato: Libro
Lenguaje:eslovaco
Publicado: Bratislava 2009
Etiquetas: Agregar Etiqueta
Sin Etiquetas, Sea el primero en etiquetar este registro!

MARC

LEADER 00000nam$a2200000$$$4500
001 0100560
005 20240318133859.8
041 0 |a slo 
044 |a SK 
245 1 0 |a Svetový obchod s banánmi  |b diplomová práca  |c Roman Beker ; škol. Elena Fízeľová 
264 1 |a Bratislava  |c 2009 
300 |a 76 s. 
100 1 |a Beker, Roman 
700 1 |a Fízeľová, Elena 
710 2 |a Obchodná fakulta EU. Katedra medzinárodného obchodu